MARC

LEADER 00000nam0a2200000 4500
001 297783
005 20231102001036.0
020 |a RU  |b 84-46963 
035 |a (RuTPU)RU\TPU\book\322918 
090 |a 297783 
100 |a 20150611d1984 km y0rusy5003 ca 
101 0 |a rus 
102 |a RU 
105 |a a z 001zy 
200 1 |a Водопонизительные установки  |f М. И. Смородинов 
210 |a Москва  |c Стройиздат  |d 1984 
215 |a 117 с.  |c ил. 
225 1 |a Повышение мастерства рабочих строительства и промышленности строительных материалов 
320 |a Библиогр.: с. 116 
606 1 |a Воды грунтовые  |x Понижение уровня  |x Строительная механика  |2 stltpush  |3 (RuTPU)RU\TPU\subj\38254  |9 58907 
610 1 |a водопонизительные установки 
610 1 |a грунты 
610 1 |a вода 
610 1 |a оборудование 
610 1 |a иглофильтровые установки 
610 1 |a вакуумные установки 
610 1 |a расчеты 
610 1 |a техника безопасности 
675 |a 624.152  |z rus  |v 4 
700 1 |a Смородинов  |b М. И.  |g Михаил Ильич 
801 0 |a RU  |b RuMRKP  |c 19950704  |g psbo 
801 1 |a RU  |b 63413507  |c 20150611 
801 2 |a RU  |b 63413507  |c 20170726  |g RCR 
942 |c BK